History of Andhra Pradesh An Overview/ (Record no. 216835)

MARC details
000 -LEADER
fixed length control field 00655nam a22001937a 4500
005 - DATE AND TIME OF LATEST TRANSACTION
control field 20260702121415.0
010 ## - LCCN (DPL NO)
LC control number ENG-148887
020 ## - INTERNATIONAL STANDARD BOOK NUMBER
Terms of availability 150.00
International Standard Book Number 9789391517281
035 ## - SYSTEM CONTROL NUMBER
System control number EN-132419
037 ## - SOURCE OF ACQUISITION
Source of stock number/acquisition DBAD
082 ## - DEWEY DECIMAL CLASSIFICATION NUMBER
Classification number 954.84
Edition number 1
100 ## - MAIN ENTRY--PERSONAL NAME
Personal name Rao, K.S. Kameswara
245 ## - TITLE STATEMENT
Title History of Andhra Pradesh An Overview/
Statement of responsibility, etc K.S. Kameswara Rao
250 ## - EDITION STATEMENT
Edition statement 1
260 ## - PUBLICATION, DISTRIBUTION, ETC. (IMPRINT)
Place of publication, distribution, etc Vijaywada
Name of publisher, distributor, etc Emesco Books Pvt Ltd
Date of publication, distribution, etc 2022
270 ## - ADDRESS
Address 33-22-2, Chandram Buildings, C.R.Road, Chuttungunta
City Vijaywada
Postal code 520004
Telephone number 0866-2436643
Electronic mail address emescovja@gmail.com
300 ## - PHYSICAL DESCRIPTION
Extent 173p.
Dimensions 22cm(pb)
Other physical details pictures and Illustrations
942 ## - ADDED ENTRY ELEMENTS (KOHA)
Source of classification or shelving scheme Dewey Decimal Classification
Item type English Books
Classification part 954.84
Call number suffix RAO
Holdings
Withdrawn status Lost status Not for loan Collection code Home library Current library Date acquired Source of acquisition Cost, normal purchase price Full call number Barcode Copy number Cost, replacement price Koha item type
    Not For Loan Non-fiction D.B.Act.Division D.B.Act.Division 02/07/2026 Delivery of Books Act Division 150.00 954.84 RAO EN-132419 1 150.00 English Books

© Delhi Public Library
Hit Counter
free hit counter